000 00331nam a22001457a 4500
020 _a81-7478-521-3
082 _a920
_bSAL/F
100 _aSALAFIS,REFAI
245 _aFAMOUS INTERNATIONAL PERSONALITIES
250 _aFIRST
260 _aCHENNAI
_bSURA BOOKS
_c2004
300 _a92/-
650 _aBIOGRAPHY
_zCHENNAI
942 _cBK
999 _c6423
_d6423